Vo Ľvove s pápežom milión pútnikov

Bibliographic Details
Main Author: Benko, Martin (Author)
Format: Article
Language:Slovak
PhysicalDescription:Obr.
ISSN:0139-8512
Subjects:

MARC

LEADER 00000nab a2200000 a 4500
001 vtls000766021
003 SK-MaSNL
005 20260303194740.0
008 040806c2001 xo 0 slo
015 |a SNBRB2001/08-24450 
035 |a CLN000117808 
040 |a SNKBUCL  |b slo  |c SNKBUCL  |e AACR2 
041 0 |a slo 
044 |a xo  |c SK 
080 |a 2-051  |2 UDC-MRF-SK2 
080 |a 262.13:266  |2 UDC-MRF-SK2 
100 1 |a Benko, Martin  |4 aut  |9 270255 
245 1 0 |a Vo Ľvove s pápežom milión pútnikov  |c Martin Benko 
300 |b Obr. 
600 0 7 |a Ján Pavol  |b II.,  |c pápež,  |d 1920-2005  |2 snkbucl  |9 106999 
610 2 7 |a Katolícka cirkev.  |b Pápež (1978-2005 : Ján Pavol II.)  |2 snkbucl  |9 114944 
650 0 7 |a pastoračné cesty  |z Ukrajina  |y 2001  |2 snkbucl  |9 1227184 
655 7 |a články z novín a časopisov  |2 snkbucl  |9 267496 
773 0 |x 0139-8512  |t Katolícke noviny  |g Roč. 116, č. 27 (2001), s. 7 
850 |a Slovenská národná knižnica v Martine 
852 |a SNK  |b KIS3GCP 
999 |c 2159321  |d 2161251